[Event "zonal 2.5 (w)"]
[Site "Montevideo URU"]
[Date "2013.04.21"]
[Round "4.3"]
[White "Perez, Dalila"]
[Black "Cortes Arias, Mariela"]
[Result "1-0"]
[WhiteElo "1763"]
[BlackElo "1833"]
[EventDate "2013.04.19"]
[PlyCount "65"]

1.c4 c5 2.Nc3 Nc6 3.g3 e5 4.Bg2 g6 5.e3 Bg7 6.a3 a5 7.Nb5 d6 8.Ne2 Be6 9.
Qa4 Qd7 10.Nec3 Rc8 11.Nd5 Qd8 12.Na7 Ne7 13.Nxc8 Nxc8 14.b4 O-O 15.bxc5 
dxc5 16.Rb1 Qd7 17.Qb5 Bh3 18.O-O Bxg2 19.Kxg2 b6 20.Bb2 Qb7 21.Bc3 N6e7 
22.e4 f5 23.Qxc5 fxe4 24.Nxe7+ Nxe7 25.Rxb6 Qd7 26.Bxe5 Rf5 27.Qd6 Qxd6 
28.Bxd6 Bd4 29.Rb8+ Kf7 30.Rb7 Bf6 31.Re1 Be5 32.Rxe7+ Kf6 33.Rxe5 1-0

[Event "zonal 2.5 (w)"]
[Site "Montevideo URU"]
[Date "2013.04.22"]
[Round "5.5"]
[White "Cortes Arias, Mariela"]
[Black "Avalos, Leticia"]
[Result "1-0"]
[WhiteElo "1822"]
[BlackElo "1725"]
[EventDate "2013.04.19"]
[PlyCount "145"]

1.d4 e6 2.c4 Nf6 3.Nc3 Bb4 4.e3 b6 5.Ne2 Bb7 6.a3 Be7 7.d5 e5 8.Ng3 d6 9.
Bd3 c6 10.e4 Nbd7 11.b4 a5 12.Rb1 Qc7 13.Nf5 Bf8 14.Qb3 g6 15.Ne3 Bg7 16.
O-O axb4 17.axb4 O-O 18.Bb2 Rfc8 19.Rfc1 Nh5 20.g3 Qd8 21.Na4 Rab8 22.dxc6
Bxc6 23.Nd5 Kh8 24.Nac3 Qg5 25.Nb5 Bxb5 26.cxb5 f5 27.Rc6 fxe4 28.Bxe4 
Nhf6 29.Bg2 Ne8 30.Rbc1 Rd8 31.Nc7 Nf8 32.Nxe8 Rxe8 33.Rxd6 Red8 34.Rcd1 
Rxd6 35.Rxd6 Qe7 36.Rc6 h6 37.Be4 Kh7 38.Bc3 Qg5 39.Qc2 h5 40.Bd2 Qg4 41.
f3 Qd7 42.Bxg6+ Nxg6 43.Qxg6+ Kg8 44.Be3 Qd1+ 45.Kg2 Qe2+ 46.Bf2 Rf8 47.
Qe4 Qxb5 48.Qc4+ Qxc4 49.Rxc4 Rf6 50.b5 Rd6 51.Rc8+ Kf7 52.Rb8 Rd2 53.Rxb6
e4 54.Rb7+ Kg6 55.Rxg7+ Kxg7 56.fxe4 Kf6 57.b6 Rb2 58.Kf3 Ke5 59.Be3 Rb3 
60.h3 Rb1 61.g4 hxg4+ 62.hxg4 Rb3 63.g5 Rb4 64.Bf4+ Ke6 65.Bc7 Rb1 66.Ke3 
Rb5 67.Kd4 Rxg5 68.b7 Rb5 69.b8=Q Rxb8 70.Bxb8 Kf6 71.Kd5 Kf7 72.Kd6 Ke8 
73.Ke6 1-0

[Event "zonal 2.5 (w)"]
[Site "Montevideo URU"]
[Date "2013.04.22"]
[Round "5.6"]
[White "Besso, Guadalupe"]
[Black "Silva Rosas, Natalia"]
[Result "1-0"]
[WhiteElo "1737"]
[BlackElo "1891"]
[EventDate "2013.04.19"]
[PlyCount "71"]

1.d4 f5 2.c4 g6 3.g3 Nf6 4.Nc3 d6 5.Bg2 Bg7 6.Nf3 O-O 7.O-O c6 8.d5 e5 9.
dxe6 Bxe6 10.Qb3 Qe7 11.Ng5 Bf7 12.Nxf7 Rxf7 13.Qa3 Na6 14.Bxc6 bxc6 15.
Qxa6 Qc7 16.Rd1 Nh5 17.Qa3 Rd8 18.Bg5 Rdd7 19.Rac1 h6 20.Be3 f4 21.Bd4 
fxg3 22.hxg3 Nf6 23.b4 Ng4 24.Ne4 Bxd4 25.Rxd4 Nf6 26.Qd3 Nxe4 27.Rxe4 Kh7
28.Re6 Rf5 29.a3 Rdf7 30.Rxd6 Rxf2 31.Qxg6+ Kh8 32.Rcd1 c5 33.Rd8+ Rf8 34.
R1d7 Rf1+ 35.Kh2 Rf2+ 36.Kh3 1-0

[Event "zonal 2.5 (w)"]
[Site "Montevideo URU"]
[Date "2013.04.24"]
[Round "8.2"]
[White "Zuriel, Marisa"]
[Black "Avalos, Leticia"]
[Result "1-0"]
[WhiteElo "2212"]
[BlackElo "1725"]
[EventDate "2013.04.19"]
[PlyCount "47"]

1.e4 d5 2.exd5 Qxd5 3.Nc3 Qa5 4.Bc4 Nf6 5.d3 c6 6.Ne2 Bg4 7.f3 Bf5 8.Ng3 
Bg6 9.O-O e6 10.Kh1 Bd6 11.f4 Nbd7 12.Nce4 Be7 13.Bd2 Qc7 14.Qf3 O-O-O 15.
Bc3 Rhg8 16.f5 exf5 17.Nxf5 Bxf5 18.Qxf5 Nxe4 19.dxe4 Bd6 20.Bxf7 Rdf8 21.
Qh3 Kb8 22.Bxg8 Rxg8 23.Rf7 Kc8 24.e5 1-0